Statistieken voor Top 10 Amerikaanse staten met de meeste kippen

Klik hier om de quiz te nemen!

Algemene statistieken

  • Deze quiz is 16 keer genomen
  • De gemiddelde score is 4 van 10

Antwoordstatistieken

AntwoordenKippen% Correct
Texas30,600m
77%
Ohio45,800m
69%
Californië17,600m
62%
Georgia30,800m
38%
Noord Carolina24,000m
38%
Arkansas26,900m
31%
Indiana45,600m
31%
Iowa60,100m
31%
Michigan19,900m
23%
Pennsylvania37,300m
15%

Scoreverdeling

Percentiel versus Aantal Correcte Antwoorden

Procent van Mensen met Elke Score

Uw Scoregeschiedenis

U heeft deze quiz nog niet genomen